000 00405nam a2200181Ia 4500
008 210210b1956 xxu||||| |||| 00| 0 eng d
041 _aeng
082 _a560/11
100 _aRUSSEL
245 _aWhat is science?
260 _aLondon
_bVictor Gollancz Ltd.,
_c1956
650 _aWhat
650 _ascience?
650 _ais
690 _aPure Sciences
700 _aand others
906 _a010177
999 _c137945
_d137945